Ski jumping four hills tournament winners - Statistics

General Stats
  • This quiz has been taken 601 times
    555 since last reset
  • The average score is 24 of 63
Answer Stats
Hint Answer % Correct
1998-99 Finland Janne Ahonen
94%
2002-03 Finland Janne Ahonen
94%
2004-05 Finland Janne Ahonen
94%
2005-06 Finland (shared) Janne Ahonen
94%
2007-08 Finland Janne Ahonen
94%
2011-12 Austria Gregor Schlierenzauer
89%
2012-13 Austria Gregor Schlierenzauer
89%
2000-01 Poland Adam Malysz
88%
2010-11 Austria Thomas Morgenstern
88%
2005-06 Czech republic (shared) Jakub Janda
81%
1982-83 Finland Matti Nykänen
75%
1987-88 Finland Matti Nykänen
75%
2001-02 Germany Sven Hannawald
74%
1992-93 Austria Andreas Goldberger
69%
1994-95 Austria Andreas Goldberger
69%
2009-10 Austria Andreas Kofler
69%
1996-97 Slovenia Primoz Peterka
65%
1997-98 Japan Kazyoshi Funaki
63%
2013-14 Austria Thomas Diethart
63%
2008-09 Austria Wolfgang Loitzl
61%
2006-07 Norway Anders Jacobsen
56%
1983-84 East-Germany Jens Weisflog
53%
1984-85 East-Germany Jens Weisflog
53%
1990-91 Germany Jens Weisflog
53%
1995-96 Germany Jens Weisflog
53%
1991-92 Finland Toni Nieminen
50%
1993-94 Norway Espen Bredesen
43%
1989-90 Germany Dieter Thoma
40%
1999-2000 Austria Andreas Widhölzl
39%
2003-04 Norway Sigurd Pettersen
38%
1966-67 Norway Björn Wirkola
22%
1967-68 Norway Björn Wirkola
22%
1968-69 Norway Björn Wirkola
22%
1979-80 Austria Hubert Neuper
22%
1980-81 Austria Hubert Neuper
22%
1985-86 Austria Ernst Vettori
21%
1986-87 Austria Ernst Vettori
21%
1970-71 Czechoslovaky Jiri Raska
18%
1972-73 East-Germany Rainer Schmidt
15%
1973-74 East-Germany Hans-Georg Aschenbach
14%
1963-64 Finland Veikko Kankkonen
11%
1965-66 Finland Veikko Kankkonen
11%
1957-58 East-Germany Helmut Recknagel
10%
1958-59 East-Germany Helmut Recknagel
10%
1960-61 East-Germany Helmut Recknagel
10%
1975-76 East-Germany Jochen Danneberg
8%
1976-77 East-Germany Jochen Danneberg
8%
1978-79 Finland Pentti Kokkonen
8%
1988-89 Finland Risto Laakkonen
7%
1977-78 Finland Kari Ylianttila
6%
1981-82 East-Germany Manfred Deckert
6%
1971-72 Norway Ingolf Mork
5%
1961-62 Finland Eino Kirjonen
3%
1959-60 Germany Max Bolkart
3%
1962-63 Norway Toralf Engan
3%
1954-55 Finland Hemmo Silvennoinen
2%
1969-70 East-Germany Horst Queck
2%
1953-54 Norway Olav Bjornstad
2%
1952-53 Austria Sepp Bradi
1%
1955-56 Soviet union Nikolay Kamenskly
0%
1956-57 Finland Pentti Ukkola
0%
1964-65 Norway Torgeir Brandtzaeng
0%
1974-75 Austria Willi Pürsti
0%
No matching quizzes found
Score Distribution
Percent of People with Each Score
Percentile by Number Answered
Your Score History
You have not taken this quiz since the last reset